Priame platby sú isté peniaze, preto farmári lobujú

Štátny rozpočet a priame platby farmárom. Základná výška farmárskych dotácií pre prístupové krajiny je rovnaká. Výška domáceho doplatku. Výrobné kvóty. Výmera produkčnej poľnohospodárskej pôdy je daná veľkosťou, ale aj prírodnými podmienkami. EÚ sa chráni pred zneužívaním prostriedkov. Kritériá na v...

Descrizione completa

Salvato in:
Dettagli Bibliografici
Autore principale: Janků, Jana
Natura: Capitolo di libro
Lingua:slovacco
Soggetti:
Tags: Aggiungi Tag
Nessun Tag, puoi essere il primo ad aggiungerne!!

MARC

LEADER 00000naa$a2200000$$$4500
001 0001963
005 20230921115402.8
041 0 |a slo 
044 |a SK 
245 1 0 |a Priame platby sú isté peniaze, preto farmári lobujú  |c aut. Jana Janků 
520 |a Štátny rozpočet a priame platby farmárom. Základná výška farmárskych dotácií pre prístupové krajiny je rovnaká. Výška domáceho doplatku. Výrobné kvóty. Výmera produkčnej poľnohospodárskej pôdy je daná veľkosťou, ale aj prírodnými podmienkami. EÚ sa chráni pred zneužívaním prostriedkov. Kritériá na vyplácanie platieb. Rozdiely v platbách pre prístupové krajiny. 
610 2 0 |a poľnohospodárstvo 
610 2 0 |a dotácie 
610 2 0 |a dotácie štátne 
610 2 0 |a kontrola 
610 2 0 |a Slovensko 
610 2 0 |a Európska únia 
100 1 |a Janků, Jana